Представление документа в формате RUSMARC

ПолеНазваниеЗначение
  Тип записи a
  Библиографический уровень m
001 Контрольный номер 70d985a903a9444e922c1689e6f1cb86
005 Дата корректировки 20140602145538.8
101 Язык документа 0_
a Язык текста rus
102 Страна публикации __
a Страна публикации RU
200 Заглавие и сведения об ответственности 1_
a Заглавие Концепция развития гражданского законодательства. Спорные и нерешенные вопросы
f Первые сведения об ответственности И. Приходько
210 Выходные данные 1_
c Издательство Хозяйство и право
a Место издания М.
d Дата издания 2009
215 Физическое описание __
a Объем 48 с.
225 Серия 2_
a Серия Прил. к ежемес. юрид. журн. "Хозяйство и право"
v Обозначение тома № 8/2009
610 Ключевые слова 0_
a Ключевые слова гражданское законодательство
610 Ключевые слова 0_
a Ключевые слова концепция развития
610 Ключевые слова 0_
a Ключевые слова гражданское право
686 Индексы других классификаций __
a Классификационный индекс 67.623
2 Код системы rubbk
700 Автор _1
a Фамилия Приходько
b Имя И.
801 Источник записи _0
a Страна RU
b Организация РУК
c Дата составления 20091119
g Правила каталогизации PSBO
801 Источник записи _1
a Страна RU
b Организация РУК
c Дата составления 20091119
g Правила каталогизации PSBO
852 Данные о местонахождении __
i Авторский знак П 77
j Шифр хранения ББК 67
901 Тип документа __
t Тип документа m
938 Служебная информация __
a Название организации Головной вуз
b Имя БД BOOK
c Название АИБС АИБС ИРБИС